<?xml version="1.0" encoding="UTF-8"?>
<record
    xmlns:xsi="http://www.w3.org/2001/XMLSchema-instance"
    xsi:schemaLocation="http://www.loc.gov/MARC21/slim http://www.loc.gov/standards/marcxml/schema/MARC21slim.xsd"
    xmlns="http://www.loc.gov/MARC21/slim">

  <leader>01866nam2a2200373   4500</leader>
  <controlfield tag="001">v19\rc\1891054</controlfield>
  <controlfield tag="005">20251118180404.1</controlfield>
  <datafield tag="035" ind1=" " ind2=" ">
    <subfield code="a">(NLR Aleph) 004978485</subfield>
  </datafield>
  <datafield tag="090" ind1=" " ind2=" ">
    <subfield code="a">6159831</subfield>
    <subfield code="c">6159831</subfield>
  </datafield>
  <datafield tag="100" ind1=" " ind2=" ">
    <subfield code="a">20080221d1911    u  y0rusy50      ca</subfield>
  </datafield>
  <datafield tag="101" ind1="0" ind2=" ">
    <subfield code="a">rus</subfield>
  </datafield>
  <datafield tag="102" ind1=" " ind2=" ">
    <subfield code="a">RU</subfield>
  </datafield>
  <datafield tag="105" ind1=" " ind2=" ">
    <subfield code="a">a   z   |||||</subfield>
  </datafield>
  <datafield tag="200" ind1="1" ind2=" ">
    <subfield code="a">&#x423;&#x441;&#x43B;&#x43E;&#x432;&#x438;&#x44F; &#x432;&#x43D;&#x443;&#x442;&#x440;&#x438;&#x43D;&#x430;&#x434;&#x435;&#x43B;&#x44C;&#x43D;&#x43E;&#x433;&#x43E; &#x440;&#x430;&#x437;&#x43C;&#x435;&#x436;&#x435;&#x432;&#x430;&#x43D;&#x438;&#x44F; &#x438; &#x437;&#x435;&#x43C;&#x43B;&#x435;&#x443;&#x441;&#x442;&#x440;&#x43E;&#x439;&#x441;&#x442;&#x432;&#x430; &#x432; &#x441;&#x435;&#x43B;&#x435;&#x43D;&#x438;&#x44F;&#x445; &#x410;&#x43C;&#x443;&#x440;&#x441;&#x43A;&#x43E;&#x439; &#x438; &#x41F;&#x440;&#x438;&#x43C;&#x43E;&#x440;&#x441;&#x43A;&#x43E;&#x439; &#x43E;&#x431;&#x43B;&#x430;&#x441;&#x442;&#x435;&#x439;</subfield>
    <subfield code="f">&#x441;&#x43E;&#x441;&#x442;. &#x443;&#x447;&#x430;&#x441;&#x442;&#x43D;&#x438;&#x43A; &#x42D;&#x43A;&#x441;&#x43F;&#x435;&#x434;&#x438;&#x446;&#x438;&#x438; &#x412;.&#x410;. &#x417;&#x430;&#x43A;&#x440;&#x435;&#x432;&#x441;&#x43A;&#x438;&#x439;</subfield>
  </datafield>
  <datafield tag="210" ind1=" " ind2=" ">
    <subfield code="a">&#x421;&#x430;&#x43D;&#x43A;&#x442;-&#x41F;&#x435;&#x442;&#x435;&#x440;&#x431;&#x443;&#x440;&#x433;</subfield>
    <subfield code="c">&#x422;&#x438;&#x43F;. &#x415;&#x432;&#x430;&#x43D;&#x433;. &#x43E;-&#x432;&#x430; &#x43C;&#x43E;&#x43B;&#x43E;&#x434;&#x44B;&#x445; &#x43B;&#x44E;&#x434;&#x435;&#x439;</subfield>
    <subfield code="d">1911</subfield>
  </datafield>
  <datafield tag="215" ind1=" " ind2=" ">
    <subfield code="a">[4], 108, 28 &#x441;.</subfield>
    <subfield code="c">&#x447;&#x435;&#x440;&#x442;.</subfield>
  </datafield>
  <datafield tag="461" ind1=" " ind2="0">
    <subfield code="1">001v19\rc\1891034</subfield>
    <subfield code="1">2001#$a&#x422;&#x440;&#x443;&#x434;&#x44B; &#x43A;&#x43E;&#x43C;&#x430;&#x43D;&#x434;&#x438;&#x440;&#x43E;&#x432;&#x430;&#x43D;&#x43D;&#x43E;&#x439; &#x43F;&#x43E; &#x432;&#x44B;&#x441;&#x43E;&#x447;&#x430;&#x439;&#x448;&#x435;&#x43C;&#x443; &#x43F;&#x43E;&#x432;&#x435;&#x43B;&#x435;&#x43D;&#x438;&#x44E; &#x410;&#x43C;&#x443;&#x440;&#x441;&#x43A;&#x43E;&#x439; &#x44D;&#x43A;&#x441;&#x43F;&#x435;&#x434;&#x438;&#x446;&#x438;&#x438;$v&#x412;&#x44B;&#x43F;. 5, &#x43F;&#x440;&#x438;&#x43B;.</subfield>
    <subfield code="9">6159631</subfield>
    <subfield code="a">&#x410;&#x43C;&#x443;&#x440;&#x441;&#x43A;&#x430;&#x44F; &#x44D;&#x43A;&#x441;&#x43F;&#x435;&#x434;&#x438;&#x446;&#x438;&#x44F; (1910)</subfield>
    <subfield code="c">&#x421;&#x430;&#x43D;&#x43A;&#x442;-&#x41F;&#x435;&#x442;&#x435;&#x440;&#x431;&#x443;&#x440;&#x433;</subfield>
    <subfield code="d">1911</subfield>
    <subfield code="n">&#x422;&#x438;&#x43F;&#x43E;&#x433;&#x440;&#x430;&#x444;&#x438;&#x44F; &#x412;. &#x424;. &#x41A;&#x438;&#x440;&#x448;&#x431;&#x430;&#x443;&#x43C;&#x430;</subfield>
    <subfield code="t">&#x422;&#x440;&#x443;&#x434;&#x44B; &#x43A;&#x43E;&#x43C;&#x430;&#x43D;&#x434;&#x438;&#x440;&#x43E;&#x432;&#x430;&#x43D;&#x43D;&#x43E;&#x439; &#x43F;&#x43E; &#x432;&#x44B;&#x441;&#x43E;&#x447;&#x430;&#x439;&#x448;&#x435;&#x43C;&#x443; &#x43F;&#x43E;&#x432;&#x435;&#x43B;&#x435;&#x43D;&#x438;&#x44E; &#x410;&#x43C;&#x443;&#x440;&#x441;&#x43A;&#x43E;&#x439; &#x44D;&#x43A;&#x441;&#x43F;&#x435;&#x434;&#x438;&#x446;&#x438;&#x438;</subfield>
    <subfield code="v">&#x412;&#x44B;&#x43F;. 5, &#x43F;&#x440;&#x438;&#x43B;.</subfield>
  </datafield>
  <datafield tag="702" ind1=" " ind2="1">
    <subfield code="a">&#x417;&#x430;&#x43A;&#x440;&#x435;&#x432;&#x441;&#x43A;&#x438;&#x439;</subfield>
    <subfield code="b">&#x412;. &#x410;.</subfield>
    <subfield code="g">&#x412;&#x438;&#x442;&#x430;&#x43B;&#x438;&#x439; &#x410;&#x43B;&#x435;&#x43A;&#x441;&#x430;&#x43D;&#x434;&#x440;&#x43E;&#x432;&#x438;&#x447;</subfield>
    <subfield code="4">220</subfield>
  </datafield>
  <datafield tag="801" ind1=" " ind2="0">
    <subfield code="a">RU</subfield>
    <subfield code="b">NLR</subfield>
    <subfield code="g">psbo</subfield>
  </datafield>
  <datafield tag="801" ind1=" " ind2="0">
    <subfield code="a">RU</subfield>
    <subfield code="b">RuMoRGB</subfield>
    <subfield code="2">psbo</subfield>
  </datafield>
  <datafield tag="801" ind1=" " ind2="1">
    <subfield code="a">RU</subfield>
    <subfield code="b">ProSoft-M</subfield>
    <subfield code="2">rusmarc</subfield>
  </datafield>
  <datafield tag="852" ind1=" " ind2=" ">
    <subfield code="a">NLR</subfield>
    <subfield code="j">17.124.3.2(&#x432;.5, &#x43F;&#x440;&#x438;&#x43B;.)</subfield>
  </datafield>
  <datafield tag="899" ind1=" " ind2=" ">
    <subfield code="a">RuMoRGB</subfield>
    <subfield code="j">U 86/32</subfield>
  </datafield>
  <datafield tag="899" ind1=" " ind2=" ">
    <subfield code="a">RuMoRGB</subfield>
    <subfield code="j">H 12/296 (&#x43F;&#x440;&#x438;&#x43B;. &#x432;&#x44B;&#x43F;. 5)</subfield>
  </datafield>
  <datafield tag="899" ind1=" " ind2=" ">
    <subfield code="a">RuMoRGB</subfield>
    <subfield code="j">H 18/296</subfield>
  </datafield>
  <datafield tag="899" ind1=" " ind2=" ">
    <subfield code="a">RuMoRGB</subfield>
    <subfield code="j">U 244/29</subfield>
  </datafield>
  <datafield tag="899" ind1=" " ind2=" ">
    <subfield code="a">RuMoRGB</subfield>
    <subfield code="j">U 286/49</subfield>
  </datafield>
  <datafield tag="899" ind1=" " ind2=" ">
    <subfield code="a">&#x411;&#x410;&#x41D;</subfield>
  </datafield>
  <datafield tag="899" ind1=" " ind2=" ">
    <subfield code="a">&#x41D;&#x411; &#x421;&#x41F;&#x431;&#x413;&#x423;</subfield>
    <subfield code="y">(1-16*)</subfield>
  </datafield>
  <datafield tag="899" ind1=" " ind2=" ">
    <subfield code="a">&#x413;&#x41F;&#x418;&#x411;</subfield>
    <subfield code="y">(1-13*)</subfield>
  </datafield>
  <datafield tag="899" ind1=" " ind2=" ">
    <subfield code="a">&#x41D;&#x411; &#x41C;&#x413;&#x423;</subfield>
    <subfield code="y">(1-16*)</subfield>
  </datafield>
  <datafield tag="942" ind1=" " ind2=" ">
    <subfield code="c">BOOK</subfield>
  </datafield>
  <datafield tag="980" ind1=" " ind2=" ">
    <subfield code="a">NB</subfield>
  </datafield>
  <datafield tag="995" ind1=" " ind2=" ">
    <subfield code="5">2013-10-26</subfield>
    <subfield code="b">NLR02</subfield>
    <subfield code="c">NLR02</subfield>
    <subfield code="e">RFS</subfield>
    <subfield code="f">4978485-10</subfield>
    <subfield code="k">17.124.3.22(&#x432;.5, &#x43F;&#x440;&#x438;&#x43B;.)</subfield>
    <subfield code="o">0</subfield>
    <subfield code="r">BOOK</subfield>
    <subfield code="s">171243225_</subfield>
  </datafield>
</record>
